[Event "Bundesliga B Mitte 2008/2009"]
[Site "Fuerstenfeld"]
[Date "2009.03.28"]
[Round "10"]
[Board "2"]
[White "Sakelsek, Tadej"]
[Black "Velicka, Petr"]
[Result "1/2-1/2"]
[WhiteElo "2403"]
[BlackElo "2464"]
[PlyCount "55"]
[EventDate "2008.10.11"]
[EventType "team"]
[EventRounds "11"]
[EventCountry "AUT"]
[WhiteTeam "ESV Austria Graz"]
[BlackTeam "Schachgemeinschaft Voecklabruck"]

1.e4 c6 2.d4 d5 3.Nc3 dxe4 4.Nxe4 Bf5 5.Ng3 Bg6 6.h4 h6 7.Nf3 Nd7 8.h5 Bh7 9.Bd3
Bxd3 10.Qxd3 Ngf6 11.Bf4 Qa5+ 12.Bd2 Qc7 13.O-O-O e6 14.Ne4 O-O-O 15.g3 Nxe4
16.Qxe4 Nf6 17.Qe2 Bd6 18.Kb1 c5 19.dxc5 Bxc5 20.Ne5 Rd5 21.f4 Rhd8 22.c4 Rd4
23.Bc3 Rxd1+ 24.Rxd1 Rxd1+ 25.Qxd1 Ne4 26.Ba5 b6 27.Be1 f6 28.Qe2

[Event "Bundesliga B Mitte 2008/2009"]
[Site "Fuerstenfeld"]
[Date "2009.03.28"]
[Round "10"]
[Board "3"]
[White "Konopka, Michal"]
[Black "Kotz, Heinz Peter"]
[Result "1/2-1/2"]
[WhiteElo "2445"]
[BlackElo "2342"]
[PlyCount "73"]
[EventDate "2008.10.11"]
[EventType "team"]
[EventRounds "11"]
[EventCountry "AUT"]
[WhiteTeam "Schachgemeinschaft Voecklabruck"]
[BlackTeam "ESV Austria Graz"]

1.Nf3 Nf6 2.g3 g6 3.b3 Bg7 4.Bb2 O-O 5.Bg2 d6 6.d4 e5 7.dxe5 Ng4 8.h3 Nxe5
9.Nxe5 Bxe5 10.Bxe5 dxe5 11.Qxd8 Rxd8 12.Nd2 Na6 13.O-O-O Rb8 14.Nc4 Re8 15.Rd2
f6 16.Rhd1 Be6 17.Na5 Nc5 18.Kb2 Kf7 19.c4 f5 20.b4 Ne4 21.Bxe4 fxe4 22.Kc3 h5
23.h4 Kf6 24.f3 Bf5 25.fxe4 Bxe4 26.Rd7 Re7 27.c5 Ke6 28.Rxe7+ Kxe7 29.Nc4 Ke6
30.a4 Rf8 31.Nd2 Rd8 32.Rf1 Rd4 33.Rf8 Bd5 34.Re8+ Kf5 35.Rd8 Bc6 36.Rf8+ Kg4
37.b5

[Event "Bundesliga B Mitte 2008/2009"]
[Site "Fuerstenfeld"]
[Date "2009.03.28"]
[Round "10"]
[Board "4"]
[White "Aschenbrenner, Robert"]
[Black "Ennsberger, Ulrich"]
[Result "0-1"]
[WhiteElo "2261"]
[BlackElo "2315"]
[PlyCount "36"]
[EventDate "2008.10.11"]
[EventType "team"]
[EventRounds "11"]
[EventCountry "AUT"]
[WhiteTeam "ESV Austria Graz"]
[BlackTeam "Schachgemeinschaft Voecklabruck"]

1.e4 c5 2.Nc3 a6 3.Bc4 e6 4.a4 Nf6 5.e5 d5 6.exf6 dxc4 7.fxg7 Bxg7 8.Qh5 O-O
9.Nge2 Nc6 10.Qxc5 e5 11.Qxc4 Be6 12.Qe4 f5 13.Qf3 Nd4 14.Nxd4 exd4 15.Ne2 Bd5
16.Qh5 f4 17.d3 f3 18.Nf4 Qe8+

[Event "Bundesliga B Mitte 2008/2009"]
[Site "Fuerstenfeld"]
[Date "2009.03.28"]
[Round "10"]
[Board "5"]
[White "Rolletschek, Heinrich"]
[Black "Ebner, Hubert"]
[Result "1/2-1/2"]
[WhiteElo "2222"]
[BlackElo "2214"]
[PlyCount "65"]
[EventDate "2008.10.11"]
[EventType "team"]
[EventRounds "11"]
[EventCountry "AUT"]
[WhiteTeam "Schachgemeinschaft Voecklabruck"]
[BlackTeam "ESV Austria Graz"]

1.e4 c5 2.Nf3 d6 3.d4 cxd4 4.Qxd4 a6 5.c4 Nc6 6.Qd2 g6 7.Nc3 Bg7 8.b3 Nf6 9.Bb2
Bg4 10.Be2 O-O 11.O-O Qa5 12.Qe3 Rab8 13.Nd2 Qh5 14.h3 Bxe2 15.Qxe2 Qxe2 16.Nxe2
e6 17.Rfd1 Rfd8 18.Rac1 d5 19.cxd5 exd5 20.e5 Ne8 21.f4 f6 22.exf6 Bxf6 23.Bxf6
Nxf6 24.Nf3 Re8 25.Ned4 Nxd4 26.Nxd4 Rbc8 27.Kf2 Ne4+ 28.Kf3 Kf7 29.Rc2 Rc3+
30.Rxc3 Nxc3 31.Rd2 Re7 32.Ne2 Nxe2 33.Rxe2

[Event "Bundesliga B Mitte 2008/2009"]
[Site "Fuerstenfeld"]
[Date "2009.03.28"]
[Round "10"]
[Board "1"]
[White "Horvath, Adam"]
[Black "Flumbort, Andras"]
[Result "1/2-1/2"]
[WhiteElo "2519"]
[BlackElo "2489"]
[PlyCount "23"]
[EventDate "2008.10.11"]
[EventType "team"]
[EventRounds "11"]
[EventCountry "AUT"]
[WhiteTeam "RbEJ Volksbank Gleisdorf"]
[BlackTeam "ASK St. Valentin"]

1.e4 c5 2.Nf3 d6 3.d4 cxd4 4.Nxd4 Nf6 5.Nc3 a6 6.Be3 e6 7.f3 b5 8.g4 h6 9.Qd2
Nbd7 10.O-O-O b4 11.Na4 Ne5 12.b3

[Event "Bundesliga B Mitte 2008/2009"]
[Site "Fuerstenfeld"]
[Date "2009.03.28"]
[Round "10"]
[Board "2"]
[White "Hajnal, Zoltan"]
[Black "Horvath, Tamas"]
[Result "1/2-1/2"]
[WhiteElo "2417"]
[BlackElo "2416"]
[PlyCount "30"]
[EventDate "2008.10.11"]
[EventType "team"]
[EventRounds "11"]
[EventCountry "AUT"]
[WhiteTeam "ASK St. Valentin"]
[BlackTeam "RbEJ Volksbank Gleisdorf"]

1.e4 c5 2.Nf3 e6 3.c4 Nc6 4.Nc3 Nf6 5.d3 d6 6.Be2 Be7 7.O-O O-O 8.d4 e5 9.dxe5
dxe5 10.Be3 Qxd1 11.Rfxd1 Bg4 12.h3 Bxf3 13.Bxf3 Nd4 14.Bxd4 cxd4 15.Nd5 Nxd5

[Event "Bundesliga B Mitte 2008/2009"]
[Site "Fuerstenfeld"]
[Date "2009.03.28"]
[Round "10"]
[Board "3"]
[White "Meszaros, Tamas"]
[Black "Sandhoefner, Florian"]
[Result "1-0"]
[WhiteElo "2434"]
[BlackElo "2246"]
[PlyCount "47"]
[EventDate "2008.10.11"]
[EventType "team"]
[EventRounds "11"]
[EventCountry "AUT"]
[WhiteTeam "RbEJ Volksbank Gleisdorf"]
[BlackTeam "ASK St. Valentin"]

1.e4 c5 2.Nc3 d6 3.Nf3 Nf6 4.d4 cxd4 5.Nxd4 a6 6.Be2 e5 7.Nb3 Be7 8.O-O O-O
9.Bf3 b6 10.Qe2 Bb7 11.Rd1 Nbd7 12.a4 Qc7 13.Nd2 h6 14.Nf1 Nc5 15.Ng3 Rfd8
16.Nf5 Bf8 17.Nd5 Nxd5 18.exd5 Kh7 19.b4 Nd7 20.Be4 Kh8 21.Bg5 Rdc8 22.Qg4 g6
23.Nxh6 Bxh6 24.Qh3

[Event "Bundesliga B Mitte 2008/2009"]
[Site "Fuerstenfeld"]
[Date "2009.03.28"]
[Round "10"]
[Board "4"]
[White "Kranzl, Peter"]
[Black "Sandhu, Mario"]
[Result "1/2-1/2"]
[WhiteElo "2279"]
[BlackElo "2292"]
[PlyCount "77"]
[EventDate "2008.10.11"]
[EventType "team"]
[EventRounds "11"]
[EventCountry "AUT"]
[WhiteTeam "ASK St. Valentin"]
[BlackTeam "RbEJ Volksbank Gleisdorf"]

1.e4 c6 2.d4 d5 3.exd5 cxd5 4.Bd3 Nf6 5.c3 Nc6 6.Bf4 g6 7.Nf3 Bg7 8.h3 O-O 9.O-O
Bf5 10.Ne5 Bxd3 11.Nxd3 b5 12.a4 b4 13.Nxb4 Nxb4 14.cxb4 Qb6 15.b5 Ne4 16.Nc3
Bxd4 17.Nxd5 Bxf2+ 18.Kh2 Qb7 19.Qb3 Kg7 20.Rad1 f6 21.Nc7 g5 22.Rd7 Kh8 23.Qf3
Bc5 24.Rfd1 gxf4 25.Ne6 Qb8 26.Qxe4 f3+ 27.g3 Rg8 28.Nf4 Qf8 29.Qxf3 Bd6 30.Qh5
Qg7 31.Qf3 Be5 32.b3 Rac8 33.R1d2 Rc3 34.R7d3 Rc1 35.a5 Bd6 36.Rd1 Rc2+ 37.R1d2
Rc1 38.Rd1 Rc2+ 39.R1d2

[Event "Bundesliga B Mitte 2008/2009"]
[Site "Fuerstenfeld"]
[Date "2009.03.28"]
[Round "10"]
[Board "5"]
[White "Perhinig, Robert"]
[Black "Heimberger, Reinhard"]
[Result "1/2-1/2"]
[WhiteElo "2300"]
[BlackElo "2256"]
[PlyCount "22"]
[EventDate "2008.10.11"]
[EventType "team"]
[EventRounds "11"]
[EventCountry "AUT"]
[WhiteTeam "RbEJ Volksbank Gleisdorf"]
[BlackTeam "ASK St. Valentin"]

1.d4 d5 2.Nf3 e6 3.Bf4 Nf6 4.e3 Bd6 5.Bg3 O-O 6.c4 b6 7.Nc3 Bb7 8.Qc2 Ne4 9.Bd3
f5 10.Bxd6 Qxd6 11.Ne5 Nxc3

[Event "Bundesliga B Mitte 2008/2009"]
[Site "Fuerstenfeld"]
[Date "2009.03.28"]
[Round "10"]
[Board "6"]
[White "Trauner, Rudolf"]
[Black "Frosch, Ronald"]
[Result "0-1"]
[WhiteElo "2213"]
[BlackElo "2230"]
[PlyCount "84"]
[EventDate "2008.10.11"]
[EventType "team"]
[EventRounds "11"]
[EventCountry "AUT"]
[WhiteTeam "ASK St. Valentin"]
[BlackTeam "RbEJ Volksbank Gleisdorf"]

1.c4 c5 2.Nc3 Nc6 3.g3 Nf6 4.Bg2 d6 5.Nf3 e5 6.e3 Bg4 7.h3 Bf5 8.d4 Be7 9.O-O
O-O 10.b3 Re8 11.Bb2 Bf8 12.d5 Ne7 13.Qe2 g6 14.e4 Bd7 15.Ne1 Bg7 16.Nd3 Nh5
17.Kh2 f5 18.exf5 Nxf5 19.Ne4 Nf6 20.Qd1 Nxe4 21.Bxe4 Nd4 22.Re1 Rf8 23.Bc1 Rf7
24.Rb1 b5 25.f4 Qf8 26.Be3 exf4 27.Bxf4 Bh6 28.Bg2 b4 29.Rf1 Bf5 30.Bxh6 Qxh6
31.g4 Bxd3 32.Qxd3 Raf8 33.Rxf7 Rxf7 34.Rf1 Qf8 35.Rxf7 Qxf7 36.Qe3 Kg7 37.Kg3
h6 38.h4 Qf6 39.Bf3 Qxf3+ 40.Qxf3 Nxf3 41.Kxf3 Kf6 42.Kf4 g5+

[Event "Bundesliga B Mitte 2008/2009"]
[Site "Fuerstenfeld"]
[Date "2009.03.28"]
[Round "10"]
[Board "1"]
[White "Horvath, Csaba"]
[Black "Wittmann, Walter"]
[Result "1-0"]
[WhiteElo "2518"]
[BlackElo "2269"]
[PlyCount "49"]
[EventDate "2008.10.11"]
[EventType "team"]
[EventRounds "11"]
[EventCountry "AUT"]
[WhiteTeam "SC Die Klagenfurter"]
[BlackTeam "Union Styria Kleine Zeitung Graz"]

1.d4 d5 2.c4 e6 3.Nf3 Nf6 4.g3 dxc4 5.Bg2 a6 6.Ne5 c5 7.Be3 Nd5 8.dxc5 Nxe3
9.Qxd8+ Kxd8 10.fxe3 Ke8 11.Nc3 Bxc5 12.Nxc4 Nd7 13.Ne4 Rb8 14.O-O f6 15.Nxc5
Nxc5 16.Rac1 Nd7 17.Rfd1 Ke7 18.Nd6 Ne5 19.Rc7+ Bd7 20.Bxb7 Rhd8 21.Ne4 Ke8
22.Nc5 Bb5 23.Rd4 Bxe2 24.Nxe6 Bf3 25.Nxg7+

[Event "Bundesliga B Mitte 2008/2009"]
[Site "Fuerstenfeld"]
[Date "2009.03.28"]
[Round "10"]
[Board "2"]
[White "Pirker, Christian"]
[Black "Horvath, Jozsef"]
[Result "0-1"]
[WhiteElo "2120"]
[BlackElo "2542"]
[PlyCount "94"]
[EventDate "2008.10.11"]
[EventType "team"]
[EventRounds "11"]
[EventCountry "AUT"]
[WhiteTeam "Union Styria Kleine Zeitung Graz"]
[BlackTeam "SC Die Klagenfurter"]

1.Nf3 g6 2.c4 Bg7 3.Nc3 Nf6 4.g3 O-O 5.Bg2 d5 6.cxd5 Nxd5 7.O-O Nc6 8.Na4 e5
9.d3 b6 10.Bd2 Bb7 11.Rc1 Nd4 12.b4 Qd7 13.e4 Nxf3+ 14.Bxf3 Ne7 15.Qb3 Kh8
16.Bc3 f5 17.Bg2 f4 18.f3 Nc6 19.Nb2 b5 20.a4 a6 21.Rf2 Rac8 22.Bf1 fxg3 23.hxg3
Rf6 24.Kg2 Rcf8 25.Be2 Bh6 26.Rh1 Be3 27.Rff1 Nd4 28.Bxd4 Bxd4 29.a5 Kg7 30.Nd1
h5 31.Nc3 c6 32.Nb1 Qe7 33.Nd2 Bc8 34.Rc1 Be6 35.Qa3 Qf7 36.Rb1 g5 37.Nb3 Be3
38.Nc5 Bxc5 39.bxc5 g4 40.f4 exf4 41.gxf4 Rxf4 42.Rhf1 Rf2+ 43.Kg1 Qf4 44.Qb2+
Kg6 45.Rxf2 Qxf2+ 46.Kh1 Qh4+ 47.Kg1 Qg3+

[Event "Bundesliga B Mitte 2008/2009"]
[Site "Fuerstenfeld"]
[Date "2009.03.28"]
[Round "10"]
[Board "3"]
[White "Pilaj, Herwig"]
[Black "Hatzl, Stefan"]
[Result "1-0"]
[WhiteElo "2393"]
[BlackElo "2148"]
[PlyCount "49"]
[EventDate "2008.10.11"]
[EventType "team"]
[EventRounds "11"]
[EventCountry "AUT"]
[WhiteTeam "SC Die Klagenfurter"]
[BlackTeam "Union Styria Kleine Zeitung Graz"]

1.d4 e6 2.Nf3 Nf6 3.c4 c5 4.Nc3 cxd4 5.Nxd4 a6 6.g3 Qc7 7.Bg2 Nc6 8.O-O Be7 9.b3
O-O 10.Bb2 b6 11.Rc1 Bb7 12.Nd5 Qd8 13.Nxe7+ Qxe7 14.Qd2 d5 15.cxd5 Nxd4 16.Qxd4
Rfd8 17.Qxb6 Bxd5 18.Bxf6 gxf6 19.e4 Qb7 20.Qe3 Bc6 21.Rxc6 Qxc6 22.e5 Qc2
23.Bxa8 Rxa8 24.exf6 Qg6 25.Qd4

[Event "Bundesliga B Mitte 2008/2009"]
[Site "Fuerstenfeld"]
[Date "2009.03.28"]
[Round "10"]
[Board "4"]
[White "Frank, Paul"]
[Black "Genser, Harald"]
[Result "0-1"]
[WhiteElo "2249"]
[BlackElo "2314"]
[PlyCount "86"]
[EventDate "2008.10.11"]
[EventType "team"]
[EventRounds "11"]
[EventCountry "AUT"]
[WhiteTeam "Union Styria Kleine Zeitung Graz"]
[BlackTeam "SC Die Klagenfurter"]

1.d4 Nf6 2.Nf3 e6 3.g3 b5 4.Bg2 Bb7 5.O-O Be7 6.c4 bxc4 7.Qa4 c5 8.dxc5 Bxc5
9.Qxc4 Qb6 10.Nc3 d5 11.Qf4 Bd6 12.Qg5 O-O 13.Be3 Qd8 14.Qh4 Be7 15.Qa4 Nbd7
16.Qb5 Qc8 17.Rac1 Ba6 18.Qa4 Qb7 19.Bd4 Rfc8 20.Qd1 Bc5 21.Rb1 Rab8 22.Ne5 Bxd4
23.Qxd4 Nxe5 24.Qxe5 Qc7 25.Qxc7 Rxc7 26.Rfd1 Kf8 27.e3 Ke7 28.Bf1 Bxf1 29.Kxf1
Ng4 30.Ke2 Ne5 31.Rdc1 Rbc8 32.Rc2 Nc6 33.a3 d4 34.exd4 Nxd4+ 35.Kd1 Nxc2
36.Kxc2 g5 37.Re1 Rc5 38.Re3 g4 39.b4 Rf5 40.Kb3 Rxf2 41.Ka4 Rf3 42.Nd1 Rc1
43.Re1 Ra1

[Event "Bundesliga B Mitte 2008/2009"]
[Site "Fuerstenfeld"]
[Date "2009.03.28"]
[Round "10"]
[Board "5"]
[White "Titz, Heimo"]
[Black "Pirker, Georg"]
[Result "1/2-1/2"]
[WhiteElo "2216"]
[BlackElo "2131"]
[PlyCount "121"]
[EventDate "2008.10.11"]
[EventType "team"]
[EventRounds "11"]
[EventCountry "AUT"]
[WhiteTeam "SC Die Klagenfurter"]
[BlackTeam "Union Styria Kleine Zeitung Graz"]

1.c4 e6 2.d4 d5 3.Nc3 Nf6 4.cxd5 exd5 5.Bg5 c6 6.e3 Bf5 7.Qf3 Be6 8.Bxf6 gxf6
9.Bd3 Nd7 10.Nge2 Bd6 11.Nf4 Qb6 12.Rb1 O-O-O 13.Nh5 Rhg8 14.h3 Rg5 15.g4 c5
16.Nxf6 cxd4 17.Nxd7 Rxd7 18.exd4 Qxd4 19.Kf1 a6 20.Ne2 Qg7 21.Qe3 d4 22.Qd2 Kb8
23.f4 Rc5 24.b4 Rcc7 25.Ng3 Bd5 26.Nf5 Qf8 27.Rh2 Rc3 28.b5 axb5 29.Rxb5 Bc6
30.Rb1 Bc7 31.Rf2 Qa3 32.Bb5 Bxb5+ 33.Rxb5 Rxh3 34.Kg2 Rd3 35.Qe2 Rc3 36.Qe4 Qa6
37.Rfb2 b6 38.Nxd4 Qb7 39.Qxb7+ Kxb7 40.Ne2 Ra3 41.Rf5 Bd8 42.Ng3 Ka6 43.g5 Ra5
44.Rxa5+ Kxa5 45.Kf3 f6 46.Ne4 fxg5 47.fxg5 b5 48.Kg4 b4 49.Rh2 Rf7 50.Rh6 Be7
51.Nf6 Bf8 52.Rxh7 Rxh7 53.Nxh7 Bg7 54.Kf5 Ka4 55.Kg6 Bh8 56.Nf6 Ka3 57.Nd5 Bc3
58.Kf5 Kxa2 59.g6 Ka3 60.Ke6 Bh8 61.Nxb4

[Event "Bundesliga B Mitte 2008/2009"]
[Site "Fuerstenfeld"]
[Date "2009.03.28"]
[Round "10"]
[Board "6"]
[White "Hatzl, Johannes"]
[Black "Wertjanz, David"]
[Result "0-1"]
[WhiteElo "2118"]
[BlackElo "2043"]
[PlyCount "64"]
[EventDate "2008.10.11"]
[EventType "team"]
[EventRounds "11"]
[EventCountry "AUT"]
[WhiteTeam "Union Styria Kleine Zeitung Graz"]
[BlackTeam "SC Die Klagenfurter"]

1.e4 c5 2.c3 d5 3.exd5 Qxd5 4.d4 Nc6 5.dxc5 Qxd1+ 6.Kxd1 e5 7.b4 a5 8.Bb5 axb4
9.cxb4 f6 10.Bb2 Bg4+ 11.f3 O-O-O+ 12.Nd2 Be6 13.Bxc6 bxc6 14.Kc2 Ne7 15.a3 Nd5
16.Re1 Nf4 17.g3 Nd3 18.Re2 Nxb2 19.Kxb2 Rd3 20.h4 Be7 21.Rhh2 Rhd8 22.g4 Kc7
23.Nb1 Rb3+ 24.Kc2 Rxb1 25.Kxb1 Rd1+ 26.Kc2 Rxg1 27.Kb2 Rg3 28.Rhf2 Bd5 29.f4 e4
30.Rg2 Rb3+ 31.Kc2 Rxa3 32.g5 Rb3

[Event "Bundesliga B Mitte 2008/2009"]
[Site "Fuerstenfeld"]
[Date "2009.03.29"]
[Round "11"]
[Board "1"]
[White "Wittmann, Walter"]
[Black "Pinter, Jozsef"]
[Result "0-1"]
[WhiteElo "2269"]
[BlackElo "2541"]
[PlyCount "134"]
[EventDate "2008.10.11"]
[EventType "team"]
[EventRounds "11"]
[EventCountry "AUT"]
[WhiteTeam "Union Styria Kleine Zeitung Graz"]
[BlackTeam "Schachklub Sparkasse Fuerstenfeld"]

1.e4 e5 2.Nf3 Nc6 3.Nc3 Nf6 4.Bb5 Bd6 5.d3 h6 6.O-O O-O 7.Ne2 Re8 8.Ng3 Bf8 9.c4
a6 10.Ba4 Rb8 11.Bc2 d6 12.h3 Be6 13.b3 b5 14.Bd2 Nd7 15.Bc3 bxc4 16.bxc4 Ne7
17.Qd2 Ng6 18.Ba4 Qc8 19.Kh2 c6 20.Rab1 Nf4 21.Ne2 Nxe2 22.Qxe2 Qc7 23.Kg1 Nc5
24.Bc2 Qe7 25.Rfe1 Bd7 26.Rxb8 Rxb8 27.d4 exd4 28.Nxd4 Re8 29.Qd1 Qd8 30.Nf3 Be6
31.Qd4 Qc7 32.Re3 Rd8 33.Nd2 Nd7 34.Rg3 f6 35.Kh1 Re8 36.Bb3 Kh8 37.Qd3 Bg8
38.Re3 Bh7 39.Qe2 Ne5 40.f4 Nd7 41.Nf3 Nc5 42.Bc2 d5 43.e5 Bxc2 44.Qxc2 Ne4
45.Rxe4 dxe4 46.Qxe4 Kg8 47.Qg6 Qf7 48.Qe4 fxe5 49.Nxe5 Qe6 50.Qf3 Bd6 51.Qg3
Bxe5 52.Bxe5 Re7 53.Qb3 Qg6 54.c5+ Kh7 55.Qb6 a5 56.Qxa5 Rb7 57.Kh2 Rb1 58.Qd2
Rf1 59.Qe3 Qb1 60.Bc3 Rh1+ 61.Kg3 Qg6+ 62.Kf2 Rd1 63.Be1 Rd3 64.Qe2 Rd5 65.g4
Rxc5 66.f5 Qd6 67.Kg1 Re5

[Event "Bundesliga B Mitte 2008/2009"]
[Site "Fuerstenfeld"]
[Date "2009.03.29"]
[Round "11"]
[Board "3"]
[White "Hatzl, Stefan"]
[Black "Kuba, Guenter"]
[Result "1/2-1/2"]
[WhiteElo "2148"]
[BlackElo "2397"]
[PlyCount "28"]
[EventDate "2008.10.11"]
[EventType "team"]
[EventRounds "11"]
[EventCountry "AUT"]
[WhiteTeam "Union Styria Kleine Zeitung Graz"]
[BlackTeam "Schachklub Sparkasse Fuerstenfeld"]

1.e4 e5 2.Nf3 Nc6 3.d4 exd4 4.Nxd4 Bc5 5.Be3 Qf6 6.c3 Nge7 7.Bc4 Ne5 8.Be2 Qg6
9.O-O d6 10.Kh1 O-O 11.f4 Qxe4 12.Bg1 Bxd4 13.cxd4 N5g6 14.Nc3 Qc6

[Event "Bundesliga B Mitte 2008/2009"]
[Site "Fuerstenfeld"]
[Date "2009.03.29"]
[Round "11"]
[Board "4"]
[White "Kilgus, Georg"]
[Black "Frank, Paul"]
[Result "1-0"]
[WhiteElo "2349"]
[BlackElo "2249"]
[PlyCount "57"]
[EventDate "2008.10.11"]
[EventType "team"]
[EventRounds "11"]
[EventCountry "AUT"]
[WhiteTeam "Schachklub Sparkasse Fuerstenfeld"]
[BlackTeam "Union Styria Kleine Zeitung Graz"]

1.d4 Nf6 2.c4 g6 3.g3 Bg7 4.Bg2 d5 5.cxd5 Nxd5 6.e4 Nb6 7.Ne2 O-O 8.O-O Nc6 9.d5
Na5 10.Nbc3 Nac4 11.b3 Ne5 12.f4 Ng4 13.h3 Nh6 14.a4 c6 15.Ba3 cxd5 16.a5 d4
17.axb6 dxc3 18.Qxd8 Rxd8 19.Bxe7 Rd2 20.Rxa7 Rb8 21.Rfa1 c2 22.Ra8 Rxa8 23.Rxa8
c1=Q+ 24.Nxc1 Rd1+ 25.Kh2 Rxc1 26.b4 Bd4 27.Bc5 Kg7 28.Bxd4+ f6 29.Bc5

[Event "Bundesliga B Mitte 2008/2009"]
[Site "Fuerstenfeld"]
[Date "2009.03.29"]
[Round "11"]
[Board "5"]
[White "Pirker, Georg"]
[Black "Poetz, Florian"]
[Result "1/2-1/2"]
[WhiteElo "2131"]
[BlackElo "2227"]
[PlyCount "101"]
[EventDate "2008.10.11"]
[EventType "team"]
[EventRounds "11"]
[EventCountry "AUT"]
[WhiteTeam "Union Styria Kleine Zeitung Graz"]
[BlackTeam "Schachklub Sparkasse Fuerstenfeld"]

1.d4 Nf6 2.Nf3 e6 3.h3 c5 4.c3 Qc7 5.g3 b6 6.Bg2 Bb7 7.O-O d6 8.a4 a6 9.Na3 Nbd7
10.b4 Be7 11.Re1 O-O 12.b5 a5 13.Bg5 h6 14.Bxf6 Nxf6 15.e3 Rac8 16.Rc1 Rfd8
17.Nc4 Bd5 18.Ncd2 cxd4 19.exd4 Bb7 20.c4 Qd7 21.Qe2 Bf8 22.Nb3 Rc7 23.c5 Bxf3
24.Bxf3 dxc5 25.Bc6 Rxc6 26.bxc6 Qxc6 27.Qc4 Rd5 28.dxc5 Bxc5 29.Qf4 Kh7 30.Nxc5
Rxc5 31.Rxc5 Qxc5 32.Re5 Qb4 33.Rb5 Qxf4 34.gxf4 Nd7 35.f5 e5 36.Kf1 Nc5 37.Rxb6
Nxa4 38.Rb5 f6 39.Rxa5 Nb6 40.Ke2 Nc8 41.Kf3 Nd6 42.Kg4 h5+ 43.Kxh5 Nxf5 44.Kg4
Kg6 45.Ra7 Nh6+ 46.Kf3 Nf5 47.Ra8 Kg5 48.Rh8 Nh4+ 49.Kg3 Nf5+ 50.Kf3 Nh4+ 51.Kg3

[Event "Bundesliga B Mitte 2008/2009"]
[Site "Fuerstenfeld"]
[Date "2009.03.29"]
[Round "11"]
[Board "6"]
[White "Radnetter, Georg"]
[Black "Hatzl, Johannes"]
[Result "1/2-1/2"]
[WhiteElo "2189"]
[BlackElo "2118"]
[PlyCount "39"]
[EventDate "2008.10.11"]
[EventType "team"]
[EventRounds "11"]
[EventCountry "AUT"]
[WhiteTeam "Schachklub Sparkasse Fuerstenfeld"]
[BlackTeam "Union Styria Kleine Zeitung Graz"]

1.e4 c5 2.Nf3 Nc6 3.d4 cxd4 4.Nxd4 e5 5.Nb5 d6 6.N1c3 a6 7.Na3 b5 8.Nd5 Nf6
9.Bg5 Be7 10.Bxf6 Bxf6 11.c3 Rb8 12.Nc2 Bg5 13.a3 a5 14.Be2 O-O 15.O-O Be6
16.Bf3 Ne7 17.Nxe7+ Qxe7 18.Ne3 Rfd8 19.Nd5 Qb7 20.Qc2

[Event "Bundesliga B Mitte 2008/2009"]
[Site "Fuerstenfeld"]
[Date "2009.03.29"]
[Round "11"]
[Board "1"]
[White "Flumbort, Andras"]
[Black "Horvath, Csaba"]
[Result "1/2-1/2"]
[WhiteElo "2489"]
[BlackElo "2518"]
[PlyCount "30"]
[EventDate "2008.10.11"]
[EventType "team"]
[EventRounds "11"]
[EventCountry "AUT"]
[WhiteTeam "ASK St. Valentin"]
[BlackTeam "SC Die Klagenfurter"]

1.d4 Nf6 2.c4 e6 3.Nc3 Bb4 4.Qc2 O-O 5.a3 Bxc3+ 6.Qxc3 b6 7.Bg5 Bb7 8.f3 h6
9.Bh4 d5 10.e3 Nbd7 11.cxd5 Nxd5 12.Bxd8 Nxc3 13.Bh4 Nd5 14.Bf2 c5 15.e4 Ne7

[Event "Bundesliga B Mitte 2008/2009"]
[Site "Fuerstenfeld"]
[Date "2009.03.29"]
[Round "11"]
[Board "3"]
[White "Sandhoefner, Florian"]
[Black "Pilaj, Herwig"]
[Result "1/2-1/2"]
[WhiteElo "2246"]
[BlackElo "2393"]
[PlyCount "48"]
[EventDate "2008.10.11"]
[EventType "team"]
[EventRounds "11"]
[EventCountry "AUT"]
[WhiteTeam "ASK St. Valentin"]
[BlackTeam "SC Die Klagenfurter"]

1.e4 c5 2.Nf3 e6 3.d4 cxd4 4.Nxd4 a6 5.Bd3 Nf6 6.O-O Qc7 7.Qe2 d6 8.c4 g6 9.Nc3
Bg7 10.Be3 O-O 11.f4 Nbd7 12.Rac1 b6 13.b4 Bb7 14.Nb3 Rac8 15.a4 Ba8 16.Rc2 Rfe8
17.h3 Qb8 18.Qf2 Rc7 19.Bd4 e5 20.fxe5 Nxe5 21.Bxe5 Rxe5 22.Re2 Rce7 23.Nd5 Bxd5
24.cxd5 Qb7

[Event "Bundesliga B Mitte 2008/2009"]
[Site "Fuerstenfeld"]
[Date "2009.03.29"]
[Round "11"]
[Board "4"]
[White "Genser, Harald"]
[Black "Kranzl, Peter"]
[Result "1/2-1/2"]
[WhiteElo "2314"]
[BlackElo "2279"]
[PlyCount "62"]
[EventDate "2008.10.11"]
[EventType "team"]
[EventRounds "11"]
[EventCountry "AUT"]
[WhiteTeam "SC Die Klagenfurter"]
[BlackTeam "ASK St. Valentin"]

1.d4 Nf6 2.c4 c5 3.d5 b5 4.cxb5 a6 5.bxa6 g6 6.Nc3 Bxa6 7.g3 Bg7 8.Bg2 d6 9.Nf3
O-O 10.O-O Nbd7 11.Rb1 Qa5 12.Bd2 Rfb8 13.Qc2 Qc7 14.b3 Nb6 15.Nh4 Nbd7 16.Rfd1
Qa7 17.Nf3 Ne8 18.e4 Nc7 19.Be3 Qb7 20.a4 Ne5 21.Nxe5 Bxe5 22.f4 Bxc3 23.Qxc3
Qb4 24.Bd2 Qxc3 25.Bxc3 Bc8 26.Bf1 Ba6 27.Bg2 Rb7 28.Rb2 Rab8 29.Rdb1 Bd3 30.Rd1
Ba6 31.Rdb1 Bd3

[Event "Bundesliga B Mitte 2008/2009"]
[Site "Fuerstenfeld"]
[Date "2009.03.29"]
[Round "11"]
[Board "5"]
[White "Heimberger, Reinhard"]
[Black "Titz, Heimo"]
[Result "0-1"]
[WhiteElo "2256"]
[BlackElo "2216"]
[PlyCount "192"]
[EventDate "2008.10.11"]
[EventType "team"]
[EventRounds "11"]
[EventCountry "AUT"]
[WhiteTeam "ASK St. Valentin"]
[BlackTeam "SC Die Klagenfurter"]

1.c4 c5 2.Nc3 Nc6 3.g3 g6 4.Bg2 Bg7 5.Nf3 d6 6.O-O Nf6 7.e3 O-O 8.d4 Bg4 9.h3
Bxf3 10.Bxf3 Rc8 11.d5 Na5 12.Be2 a6 13.e4 Rb8 14.a4 Nd7 15.Qc2 e5 16.Bd3 Qe7
17.Bd2 b6 18.Rae1 Rfe8 19.Nd1 h5 20.Bc3 h4 21.Bd2 Kh7 22.Ne3 Rh8 23.Ng4 Kg8
24.Kg2 Rf8 25.Nh2 Bh6 26.Bxh6 Rxh6 27.Nf3 hxg3 28.fxg3 Kg7 29.Nh2 Rfh8 30.h4 g5
31.Ng4 gxh4 32.Nxh6 Rxh6 33.Rf3 Rg6 34.Qf2 Nb3 35.Rf1 Nf6 36.Rh1 Nd4 37.Rxh4
Nxf3 38.Kxf3 Nh7 39.Ke2 Qg5 40.Qh2 Nf6 41.Rh3 Qc1 42.Kf3 Qd1+ 43.Qe2 Qxa4 44.Rh1
Qd7 45.Kg2 Rh6 46.Rxh6 Kxh6 47.Qf3 Kg7 48.Be2 b5 49.Qd3 b4 50.b3 a5 51.Bd1 Qd8
52.Qf3 Nh7 53.Kf2 Qg5 54.Ke1 Nf6 55.Qd3 Qg6 56.Bc2 Qh6 57.Qe2 Qh3 58.Qf3 Nh5
59.Kf2 Qh2+ 60.Qg2 Qxg2+ 61.Kxg2 Kg6 62.Kf3 Kg5 63.Bd1 Nf6 64.Ke3 Nd7 65.Kd3 Nb6
66.Be2 a4 67.bxa4 Nxa4 68.Kc2 Nc3 69.Bf3 Nxe4 70.Bxe4 Kg4 71.Kd2 Kxg3 72.Ke3 Kg4
73.Bf3+ Kg5 74.Bd1 f5 75.Kf3 Kh4 76.Bc2 e4+ 77.Kf4 Kh3 78.Kxf5 e3 79.Bd3 Kg3
80.Ke6 b3 81.Kxd6 b2 82.Kxc5 e2 83.Bxe2 b1=Q 84.d6 Kf4 85.d7 Qb8 86.Kc6 Ke5
87.Bg4 Qd6+ 88.Kb5 Kd4 89.Be6 Qc7 90.c5 Qxc5+ 91.Ka6 Qc7 92.Kb5 Ke5 93.Bh3 Kd5
94.Bg2+ Kd6 95.Bh3 Ke7 96.Ka6 Qc4+

[Event "Bundesliga B Mitte 2008/2009"]
[Site "Fuerstenfeld"]
[Date "2009.03.29"]
[Round "11"]
[Board "6"]
[White "Wertjanz, David"]
[Black "Trauner, Rudolf"]
[Result "0-1"]
[WhiteElo "2043"]
[BlackElo "2213"]
[PlyCount "66"]
[EventDate "2008.10.11"]
[EventType "team"]
[EventRounds "11"]
[EventCountry "AUT"]
[WhiteTeam "SC Die Klagenfurter"]
[BlackTeam "ASK St. Valentin"]

1.e4 e5 2.Nf3 Nc6 3.Bb5 a6 4.Ba4 Nf6 5.d4 exd4 6.O-O Be7 7.Re1 d6 8.Nxd4 Bd7
9.Nxc6 Bxc6 10.Bxc6+ bxc6 11.c4 O-O 12.Nc3 Nd7 13.b3 Bf6 14.Bb2 Re8 15.f3 Rb8
16.Qd2 Nc5 17.Rad1 h6 18.Ne2 Ne6 19.Bxf6 Qxf6 20.Qa5 Red8 21.Qxa6 Ra8 22.Qxc6
Rxa2 23.Qd5 Rb8 24.c5 dxc5 25.e5 Qg5 26.Qe4 Rb4 27.Qd3 Rd4 28.Qb1 Rxd1 29.Qxd1
Qe3+ 30.Kh1 Qf2 31.h3 Nd4 32.Nf4 g5 33.Re2 Rxe2